[Event "24th Klatovy A 2016"]
[Site "Klatovy CZE"]
[Date "2016.07.02"]
[Round "1.1"]
[White "Soural, Karel"]
[Black "Neuman, Petr"]
[Result "0-1"]
[WhiteElo "2035"]
[BlackElo "2446"]
[PlyCount "80"]
[EventDate "2016.07.02"]
[EventType "swiss"]
[EventRounds "9"]
[EventCountry "CZE"]

1. e4 c5 2. Nf3 d6 3. d4 cxd4 4. Nxd4 Nf6 5. Nc3 Nc6 6. Bg5 Bd7 7. Be2 Qa5 8. Bxf6 gxf6 9. Nb3 Qg5 10. g3 Rc8 11. f4 Qg7 12. Qd2 h5 13. O-O-O h4 14. g4 h3 15. Rhg1 Rh4 16. Qe1 Rh8 17. Kb1 Qh6 18. Qd2 Bg7 19. Nd5 Rd8 20. Rg3 Bc8 21. Bf1 Qg6 22. f5 Qg5 23. Qxg5 fxg5 24. Rxh3 Rxh3 25. Bxh3 Be5 26. Rh1 e6 27. Ne3 Ke7 28. Bg2 Bf4 29. Nd1 Ne5 30. h3 b6 31. Nd4 Bb7 32. Ne2 Bd2 33. c3 exf5 34. gxf5 Rh8 35. Kc2 Bf4 36. Nxf4 gxf4 37. Nf2 Rg8 38. Bf1 d5 39. exd5 Bxd5 40. Rh2 Nf3 0-1

[Event "24th Klatovy A 2016"]
[Site "Klatovy CZE"]
[Date "2016.07.02"]
[Round "1.2"]
[White "Turner, Jan"]
[Black "Zilavy, Jan"]
[Result "1-0"]
[WhiteElo "2387"]
[BlackElo "2030"]
[PlyCount "95"]
[EventDate "2016.07.02"]
[EventType "swiss"]
[EventRounds "9"]
[EventCountry "CZE"]

1. Nf3 e6 2. g3 f5 3. Bg2 Nf6 4. O-O Be7 5. c4 O-O 6. Nc3 d6 7. d4 a5 8. Qc2 Nc6 9. a3 Qe8 10. d5 Ne5 11. Nb5 Bd8 12. dxe6 Qxe6 13. b3 Nh5 14. Nxe5 Qxe5 15. Bb2 Qe8 16. e3 Nf6 17. Rad1 Qh5 18. Nc3 Ng4 19. h3 Nf6 20. Nd5 Nxd5 21. Rxd5 Be6 22. Rd2 Bf6 23. Qd1 Qxd1 24. Rfxd1 Bxb2 25. Rxb2 Rab8 26. Bd5 Kf7 27. Rc2 Rfd8 28. Bxe6+ Kxe6 29. Rd5 b6 30. Rcd2 c6 31. R5d4 Rb7 32. e4 Rf7 33. f4 Rfd7 34. exf5+ Kxf5 35. g4+ Kf6 36. Kf2 Ke6 37. Re4+ Kf6 38. f5 Re7 39. g5+ Kf7 40. Rxe7+ Kxe7 41. Kf3 Kd7 42. Re2 Re8 43. Rxe8 Kxe8 44. Ke4 Ke7 45. b4 axb4 46. axb4 h6 47. h4 Kd7 48. f6 1-0

[Event "24th Klatovy A 2016"]
[Site "Klatovy CZE"]
[Date "2016.07.02"]
[Round "1.3"]
[White "Vevera, Radek"]
[Black "Kovar, Vojtech"]
[Result "0-1"]
[WhiteElo "2000"]
[BlackElo "2364"]
[PlyCount "38"]
[EventDate "2016.07.02"]
[EventType "swiss"]
[EventRounds "9"]
[EventCountry "CZE"]

1. e4 e5 2. Nf3 Nc6 3. Bc4 Bc5 4. c3 Nf6 5. d3 O-O 6. O-O d6 7. b4 Bb6 8. a4 a5 9. b5 Ne7 10. Be3 c6 11. Nbd2 Ng6 12. Rb1 Bxe3 13. fxe3 d5 14. bxc6 dxc4 15. cxb7 Bxb7 16. Rxb7 Qxd3 17. Qc1 Qxe3+ 18. Kh1 Ng4 19. Nxc4 Qc5 0-1

[Event "24th Klatovy A 2016"]
[Site "Klatovy CZE"]
[Date "2016.07.02"]
[Round "1.4"]
[White "Hausner, Ivan"]
[Black "Cekan, Petr1"]
[Result "1-0"]
[WhiteElo "2345"]
[BlackElo "1993"]
[PlyCount "33"]
[EventDate "2016.07.02"]
[EventType "swiss"]
[EventRounds "9"]
[EventCountry "CZE"]

1. c4 Nf6 2. Nc3 g6 3. e4 d6 4. d4 Bg7 5. f4 O-O 6. Nf3 c6 7. Be2 Bg4 8. O-O Qb6 9. Kh1 Nh5 10. e5 Na6 11. Qe1 dxe5 12. dxe5 Nb4 13. Na4 Qa5 14. b3 Rad8 15. a3 Qxa4 16. bxa4 Nc2 17. Qc3 1-0

[Event "24th Klatovy A 2016"]
[Site "Klatovy CZE"]
[Date "2016.07.02"]
[Round "1.6"]
[White "Jurek, Josef"]
[Black "Skopec, Lubos"]
[Result "1-0"]
[WhiteElo "2296"]
[BlackElo "1985"]
[PlyCount "89"]
[EventDate "2016.07.02"]
[EventType "swiss"]
[EventRounds "9"]
[EventCountry "CZE"]

1. Nf3 Nf6 2. c4 e6 3. g3 d5 4. d4 Be7 5. Bg2 O-O 6. O-O Nbd7 7. Qc2 c6 8. b3 b6 9. Rd1 Bb7 10. Nc3 Rc8 11. e4 c5 12. exd5 exd5 13. Bb2 dxc4 14. d5 cxb3 15. axb3 c4 16. d6 cxb3 17. Qxb3 Nc5 18. dxe7 Qxe7 19. Qc4 Bc6 20. Nh4 a5 21. Qf4 Bxg2 22. Kxg2 Ne6 23. Qe3 Qb4 24. Rab1 Ng4 25. Qf3 Rc4 26. Nd5 Ng5 27. Nxb4 Nxf3 28. Nxf3 Rxb4 29. Bd4 Rxb1 30. Rxb1 Ra8 31. Rxb6 a4 32. Ne5 Nh6 33. Nc6 Nf5 34. Bc5 g6 35. Rb8+ Rxb8 36. Nxb8 Ng7 37. Nc6 Ne6 38. Ba3 Nc7 39. Nd4 f5 40. Kf3 Kf7 41. Ke2 Kf6 42. Kd3 Ke5 43. Kc4 Ke4 44. Bd6 Ne8 45. Be5 1-0

[Event "24th Klatovy A 2016"]
[Site "Klatovy CZE"]
[Date "2016.07.02"]
[Round "1.7"]
[White "Hlavac, Rudolf"]
[Black "Vedral, Oldrich"]
[Result "0-1"]
[WhiteElo "1983"]
[BlackElo "2289"]
[PlyCount "48"]
[EventDate "2016.07.02"]
[EventType "swiss"]
[EventRounds "9"]
[EventCountry "CZE"]

1. e4 c5 2. Nf3 e6 3. c3 Nf6 4. e5 Nd5 5. Bc4 d6 6. d4 cxd4 7. cxd4 Nc6 8. O-O Nb6 9. Bb5 Bd7 10. Nc3 d5 11. Bg5 Be7 12. h4 h6 13. Bxe7 Qxe7 14. Rc1 g5 15. g3 O-O-O 16. Qd3 Kb8 17. a3 gxh4 18. Nxh4 Rdg8 19. Kh2 Rg4 20. Bxc6 Bxc6 21. Ng2 Rhg8 22. Ne3 Qh4+ 23. Kg1 Rxg3+ 24. fxg3 Qxg3+ 0-1

[Event "24th Klatovy A 2016"]
[Site "Klatovy CZE"]
[Date "2016.07.02"]
[Round "1.8"]
[White "Novotny, Michal"]
[Black "Hajek, Jiri2"]
[Result "1-0"]
[WhiteElo "2283"]
[BlackElo "1981"]
[PlyCount "81"]
[EventDate "2016.07.02"]
[EventType "swiss"]
[EventRounds "9"]
[EventCountry "CZE"]

1. e4 d5 2. exd5 Nf6 3. Bb5+ Bd7 4. Be2 Bf5 5. Nf3 Nxd5 6. d4 e6 7. O-O Be7 8. Re1 O-O 9. a3 a5 10. Nbd2 c5 11. Nb3 Qc7 12. Nxc5 Bxc5 13. dxc5 Nd7 14. c4 N5f6 15. Nd4 Be4 16. c6 bxc6 17. Bf3 Nc5 18. Bg5 Bg6 19. Nxc6 Ra6 20. b3 Rxc6 21. Bxc6 Rd8 22. Qf3 Nd3 23. Bxf6 gxf6 24. Qxf6 Nxe1 25. Rxe1 Qd6 26. h4 Qd2 27. Ra1 Rd4 28. Bf3 Rf4 29. Qg5 f6 30. Qxa5 Rxh4 31. Rd1 Qh6 32. g3 Rxc4 33. Qa6 Rc3 34. Qxe6+ Bf7 35. Qg4+ Qg5 36. Ra1 h5 37. Qxg5+ fxg5 38. Bg2 Be8 39. a4 h4 40. gxh4 gxh4 41. b4 1-0

[Event "24th Klatovy A 2016"]
[Site "Klatovy CZE"]
[Date "2016.07.02"]
[Round "1.9"]
[White "Lacina, Filip"]
[Black "Hollan, Petr"]
[Result "0-1"]
[WhiteElo "1981"]
[BlackElo "2263"]
[PlyCount "66"]
[EventDate "2016.07.02"]
[EventType "swiss"]
[EventRounds "9"]
[EventCountry "CZE"]

1. e4 c5 2. Nf3 Nc6 3. d4 cxd4 4. Nxd4 Nf6 5. Nc3 e6 6. Ndb5 d6 7. Bf4 e5 8. Bg5 a6 9. Bxf6 gxf6 10. Na3 b5 11. Nd5 f5 12. c3 Bg7 13. exf5 Bxf5 14. Nc2 O-O 15. Nce3 Be6 16. Bd3 f5 17. Bc2 Kh8 18. Qh5 Bxd5 19. Nxd5 e4 20. O-O Ne7 21. Nf4 Rf6 22. Bb3 Qd7 23. Rfd1 a5 24. a3 Raf8 25. Qe2 a4 26. Ba2 Rh6 27. Nh5 Ng6 28. f4 exf3 29. Qxf3 Qa7+ 30. Kf1 Ne5 31. Qe2 Ng4 32. Nxg7 Rxh2 33. Ke1 Qxg7 0-1

[Event "24th Klatovy A 2016"]
[Site "Klatovy CZE"]
[Date "2016.07.02"]
[Round "1.10"]
[White "Vyprachticky, David"]
[Black "Zizka, Petr"]
[Result "1-0"]
[WhiteElo "2246"]
[BlackElo "1977"]
[PlyCount "63"]
[EventDate "2016.07.02"]
[EventType "swiss"]
[EventRounds "9"]
[EventCountry "CZE"]

1. d4 d6 2. Nf3 Nf6 3. c4 g6 4. Nc3 Bg7 5. e4 O-O 6. Be2 Nc6 7. d5 Nb4 8. a3 Na6 9. Be3 e5 10. b4 Ng4 11. Bg5 f6 12. Bh4 b6 13. Nd2 Nh6 14. Qa4 g5 15. Bg3 f5 16. f3 Nb8 17. h3 g4 18. hxg4 fxg4 19. Bf2 Qg5 20. Nf1 Nf7 21. Nb5 Bd7 22. Qb3 Rc8 23. Ng3 Bh6 24. fxg4 a6 25. Nc3 Bxg4 26. Bxg4 Qxg4 27. Nf5 Bg5 28. Rd1 Kh8 29. Rd3 Qxg2 30. Rg1 Qh2 31. Ne2 Nd7 32. Rh3 1-0

[Event "24th Klatovy A 2016"]
[Site "Klatovy CZE"]
[Date "2016.07.02"]
[Round "1.11"]
[White "Holy, Filip"]
[Black "Kopta, Pavel"]
[Result "0-1"]
[WhiteElo "1977"]
[BlackElo "2235"]
[PlyCount "78"]
[EventDate "2016.07.02"]
[EventType "swiss"]
[EventRounds "9"]
[EventCountry "CZE"]

1. c4 e5 2. e3 Nf6 3. a3 g6 4. Nc3 Bg7 5. Nf3 Qe7 6. d3 O-O 7. Be2 c6 8. O-O d6 9. Rb1 Nbd7 10. b4 d5 11. d4 dxc4 12. Bxc4 exd4 13. Nxd4 Rd8 14. Qb3 Nb6 15. Be2 Bg4 16. Re1 Bxe2 17. Ncxe2 Ne4 18. Rd1 Qh4 19. g3 Qf6 20. f3 Nd6 21. Bb2 Nbc4 22. Ba1 Qe7 23. e4 Rac8 24. Rbc1 b5 25. Nf4 Ne5 26. Ng2 Ndc4 27. Qc3 Qf8 28. f4 Nd7 29. e5 Ndb6 30. Qf3 Qe8 31. Rd3 Rd5 32. Re1 Rcd8 33. Qe4 Qd7 34. Red1 Na4 35. Qe2 c5 36. bxc5 Nxc5 37. Rf3 Ne6 38. Re3 Bf8 39. a4 Bc5 0-1

[Event "24th Klatovy A 2016"]
[Site "Klatovy CZE"]
[Date "2016.07.02"]
[Round "1.12"]
[White "Soural, Jan"]
[Black "Slovak, Kilian"]
[Result "0-1"]
[WhiteElo "2231"]
[BlackElo "2108"]
[PlyCount "104"]
[EventDate "2016.07.02"]
[EventType "swiss"]
[EventRounds "9"]
[EventCountry "CZE"]

1. d4 Nf6 2. c4 g6 3. Nc3 Bg7 4. e4 d6 5. Nf3 O-O 6. Be2 e5 7. O-O Nc6 8. d5 Ne7 9. Ne1 Nd7 10. Be3 f5 11. f3 f4 12. Bf2 g5 13. Rc1 h5 14. c5 Nxc5 15. b4 Na6 16. Nb5 b6 17. Nd3 Rf7 18. a4 Ng6 19. Be1 Bf6 20. Nf2 Qf8 21. Qc2 Bb7 22. a5 Bd8 23. axb6 axb6 24. Ra1 Rg7 25. Bd2 Bf6 26. Ra3 Nh8 27. Rfa1 Bc8 28. Qd1 g4 29. fxg4 Bh4 30. gxh5 Bxf2+ 31. Kxf2 Qf6 32. Kg1 Qg5 33. Qf1 Qh4 34. Be1 Qg5 35. Kh1 Kh7 36. Nc3 f3 37. Qxf3 Bd7 38. Qg3 Qh6 39. Qf2 Rag8 40. Bxa6 Rxg2 41. Qxg2 Rxg2 42. Kxg2 Qe3 43. Bg3 Nf7 44. Re1 Qd2+ 45. Re2 Qc1 46. Raa2 Ng5 47. Be1 Bh3+ 48. Kg1 Nf3+ 49. Kf2 Qf4 50. Reb2 Nd4+ 51. Kg1 Qe3+ 52. Rf2 Nf3+ 0-1

[Event "24th Klatovy A 2016"]
[Site "Klatovy CZE"]
[Date "2016.07.02"]
[Round "1.13"]
[White "Sibl, Vaclav"]
[Black "Hurdzan, Tomas"]
[Result "0-1"]
[WhiteElo "1970"]
[BlackElo "2208"]
[PlyCount "80"]
[EventDate "2016.07.02"]
[EventType "swiss"]
[EventRounds "9"]
[EventCountry "CZE"]

1. d4 Nf6 2. Bf4 g6 3. e3 Bg7 4. Nf3 O-O 5. h3 d5 6. Be2 c5 7. c3 Nc6 8. Nbd2 Nd7 9. O-O Re8 10. Qb3 e5 11. dxe5 Ndxe5 12. Nxe5 Nxe5 13. Rad1 b6 14. Nf3 Bb7 15. Nxe5 Bxe5 16. Bxe5 Rxe5 17. Bf3 Qg5 18. Qa4 Re6 19. Rd2 Bc6 20. Qd1 Rd8 21. c4 Red6 22. cxd5 Bxd5 23. Bxd5 Rxd5 24. Rxd5 Qxd5 25. Qa4 Qd2 26. b3 Rd7 27. Qa6 Kg7 28. g3 h5 29. h4 Qd3 30. Qa3 c4 31. Qa4 c3 32. Rc1 c2 33. Kg2 b5 34. Qb4 Rd5 35. a4 a6 36. axb5 axb5 37. Kh2 Kh7 38. Kg2 Qd1 39. Qe7 Rf5 40. Qa3 Qf3+ 0-1

[Event "24th Klatovy A 2016"]
[Site "Klatovy CZE"]
[Date "2016.07.02"]
[Round "1.14"]
[White "Formanek, Martin"]
[Black "Neuman Zakoucka, Adela 1987"]
[Result "1-0"]
[WhiteElo "2227"]
[BlackElo "1969"]
[PlyCount "59"]
[EventDate "2016.07.02"]
[EventType "swiss"]
[EventRounds "9"]
[EventCountry "CZE"]

1. e4 c5 2. Nc3 Nc6 3. f4 g6 4. Nf3 Bg7 5. Bb5 Nd4 6. O-O Nxb5 7. Nxb5 a6 8. Nc3 b5 9. d3 Bb7 10. f5 Nf6 11. Qe1 d6 12. Qg3 b4 13. Ne2 c4 14. Nf4 Qb6+ 15. Kh1 b3 16. axb3 cxd3 17. cxd3 Qxb3 18. Bd2 Rc8 19. Bc3 Rc5 20. Nd4 Qb6 21. fxg6 hxg6 22. Nde6 Bh6 23. Nxc5 Qxc5 24. Bxf6 exf6 25. Rac1 Qe5 26. Rc7 Qxb2 27. Nxg6 Qb6 28. Re7+ Kd8 29. Rxb7 Qxb7 30. Nxh8 1-0

[Event "24th Klatovy A 2016"]
[Site "Klatovy CZE"]
[Date "2016.07.02"]
[Round "1.15"]
[White "Van der Hoeven, Gerben"]
[Black "Toman, Ondrej"]
[Result "0-1"]
[WhiteElo "1968"]
[BlackElo "2197"]
[PlyCount "90"]
[EventDate "2016.07.02"]
[EventType "swiss"]
[EventRounds "9"]
[EventCountry "CZE"]

1. e4 c6 2. d4 d5 3. Nc3 dxe4 4. Nxe4 Bf5 5. Ng3 Bg6 6. h4 h6 7. Nf3 Nd7 8. Bd3 Bxd3 9. Qxd3 e6 10. Bf4 Qa5+ 11. Bd2 Qc7 12. O-O Ngf6 13. Rfe1 O-O-O 14. b4 Bd6 15. Ne4 Nxe4 16. Qxe4 Nf6 17. Qe2 Ng4 18. c4 Bh2+ 19. Kf1 Bf4 20. Rad1 Nh2+ 21. Nxh2 Bxd2 22. Rxd2 Qxh2 23. Qe4 Rd6 24. Ke2 Rhd8 25. g3 Qh3 26. Ke3 f5 27. Qe5 g5 28. c5 f4+ 29. Kf3 fxg3 30. cxd6 Rf8+ 31. Ke4 gxf2 32. d7+ Kxd7 33. Qg7+ Ke8 34. Qxf8+ Kxf8 35. Rxf2+ Ke7 36. hxg5 hxg5 37. Rg1 g4 38. Rf4 g3 39. Rf3 Qg4+ 40. Ke3 g2 41. Rf2 Qg3+ 42. Rf3 Qg5+ 43. Rf4 Kd6 44. a3 e5 45. dxe5+ Kxe5 0-1

[Event "24th Klatovy A 2016"]
[Site "Klatovy CZE"]
[Date "2016.07.02"]
[Round "1.16"]
[White "Palek, Miroslav"]
[Black "Richter, Martin1"]
[Result "1-0"]
[WhiteElo "2187"]
[BlackElo "1966"]
[PlyCount "95"]
[EventDate "2016.07.02"]
[EventType "swiss"]
[EventRounds "9"]
[EventCountry "CZE"]

1. e4 e6 2. d4 d5 3. Nc3 Bb4 4. a3 Bxc3+ 5. bxc3 dxe4 6. Qg4 Nf6 7. Qxg7 Rg8 8. Qh6 c5 9. Ne2 Nc6 10. dxc5 Rg6 11. Qe3 Qa5 12. Bd2 Bd7 13. c4 Qc7 14. Nf4 Rg8 15. Bc3 Ng4 16. Qxe4 O-O-O 17. h3 f5 18. Qf3 Nge5 19. Qe3 Ng6 20. Nxg6 Rxg6 21. O-O-O e5 22. f3 Nd4 23. f4 Qxc5 24. Qxe5 Ne6 25. Bb4 Qf2 26. Bd6 Bc6 27. Rd2 Qg3 28. Bd3 Be4 29. Rhd1 Nd4 30. Bxe4 Rgxd6 31. Bxf5+ Nxf5 32. Qxf5+ Kb8 33. Rd3 Rxd3 34. Rxd3 Rxd3 35. cxd3 Qe1+ 36. Kc2 Qe2+ 37. Kc3 Qe1+ 38. Kd4 Qf2+ 39. Ke5 Qc5+ 40. Ke4 Qc6+ 41. Qd5 Qg6+ 42. Kf3 a6 43. c5 Ka7 44. g4 Qe8 45. Qd4 Qc6+ 46. Kg3 Qe8 47. c6+ Ka8 48. cxb7+ 1-0

[Event "24th Klatovy A 2016"]
[Site "Klatovy CZE"]
[Date "2016.07.02"]
[Round "1.17"]
[White "Drahorad, Daniel"]
[Black "Barrish, Daniel"]
[Result "1-0"]
[WhiteElo "1970"]
[BlackElo "2183"]
[PlyCount "89"]
[EventDate "2016.07.02"]
[EventType "swiss"]
[EventRounds "9"]
[EventCountry "CZE"]

1. e4 c5 2. Nc3 e6 3. f4 Nc6 4. Bb5 d5 5. Bxc6+ bxc6 6. d3 Rb8 7. Nf3 Nf6 8. O-O Ba6 9. e5 Nd7 10. Qe2 c4 11. d4 c5 12. f5 cxd4 13. Nxd5 exd5 14. e6 Bc5 15. exd7+ Kf8 16. Ne5 Bb5 17. f6 g6 18. Bh6+ Kg8 19. Bg7 c3 20. b4 Bd6 21. Rf3 Bxd7 22. Bxh8 Bxe5 23. Qxe5 Qb6 24. Bg7 Re8 25. Qxd5 d3+ 26. Qc5 d2 27. Qxb6 axb6 28. Kf2 Rc8 29. Bh6 Bf5 30. Rxf5 gxf5 31. Rd1 Rc6 32. Bxd2 cxd2 33. Rxd2 Rxf6 34. c4 Rc6 35. Re2 b5 36. c5 Kf8 37. Ke3 Ke7 38. Kf4+ Kd7 39. Kxf5 Ra6 40. h4 Ra4 41. Rb2 Ra6 42. g4 Kc7 43. h5 Ra3 44. Kg5 Re3 45. Rf2 1-0

[Event "24th Klatovy A 2016"]
[Site "Klatovy CZE"]
[Date "2016.07.02"]
[Round "1.18"]
[White "Taborsky, Rostislav"]
[Black "Krauskopfova, Lenka 1996"]
[Result "1-0"]
[WhiteElo "2180"]
[BlackElo "1961"]
[PlyCount "49"]
[EventDate "2016.07.02"]
[EventType "swiss"]
[EventRounds "9"]
[EventCountry "CZE"]

1. d4 Nf6 2. c4 g6 3. Nc3 Bg7 4. e4 d6 5. Be2 O-O 6. Bg5 Nc6 7. d5 Ne5 8. Nf3 Nfd7 9. Nxe5 Nxe5 10. Qd2 Re8 11. O-O c5 12. f4 Nd7 13. Rae1 a6 14. Kh1 Qa5 15. Bd3 b5 16. e5 dxe5 17. f5 bxc4 18. fxg6 hxg6 19. Bxc4 Nb6 20. Bb3 c4 21. Bc2 Qb4 22. Bh6 Bh8 23. Bxg6 fxg6 24. Qg5 Qd6 25. Ne4 1-0

[Event "24th Klatovy A 2016"]
[Site "Klatovy CZE"]
[Date "2016.07.02"]
[Round "1.19"]
[White "Novotny, Jaroslav2"]
[Black "Routner, Jakub"]
[Result "0-1"]
[WhiteElo "1953"]
[BlackElo "2130"]
[PlyCount "56"]
[EventDate "2016.07.02"]
[EventType "swiss"]
[EventRounds "9"]
[EventCountry "CZE"]

1. e4 c5 2. Nf3 e6 3. d4 cxd4 4. Nxd4 a6 5. Bd3 Qc7 6. O-O Nf6 7. Qe2 Nc6 8. Nxc6 bxc6 9. c4 e5 10. Nc3 Be7 11. f4 d6 12. h3 h5 13. fxe5 dxe5 14. Be3 Be6 15. b3 h4 16. c5 Nh5 17. Qc2 Nf4 18. Na4 g5 19. Bc4 g4 20. Bxf4 exf4 21. Bxe6 fxe6 22. e5 O-O-O 23. Qc4 gxh3 24. Qxe6+ Kb7 25. Rxf4 Rhg8 26. g4 hxg3 27. Rf7 Rd2 28. Qxh3 Qxe5 0-1

[Event "24th Klatovy A 2016"]
[Site "Klatovy CZE"]
[Date "2016.07.02"]
[Round "1.20"]
[White "Jelinek, Michal"]
[Black "Maly, Filip"]
[Result "0-1"]
[WhiteElo "2176"]
[BlackElo "1954"]
[PlyCount "74"]
[EventDate "2016.07.02"]
[EventType "swiss"]
[EventRounds "9"]
[EventCountry "CZE"]

1. e4 c5 2. Nf3 d6 3. d4 cxd4 4. Nxd4 Nf6 5. Nc3 a6 6. Bg5 e6 7. f4 Be7 8. Qf3 Nbd7 9. O-O-O Qc7 10. g4 b5 11. Bxf6 Nxf6 12. g5 Nd7 13. f5 Nc5 14. f6 gxf6 15. gxf6 Bf8 16. Bh3 Bd7 17. Rhe1 O-O-O 18. a3 Kb8 19. Kb1 Qb6 20. Qh5 Be8 21. e5 d5 22. Re3 Na4 23. Nxa4 bxa4 24. Bf1 Bc5 25. Red3 a5 26. Qh6 Ka8 27. Ka2 Rb8 28. Qc1 Rg8 29. c3 Rg5 30. Re1 Rg4 31. Qd2 Re4 32. Re2 Bxa3 33. Rxe4 dxe4 34. Bg2 Bxb2 35. Bxe4+ Ka7 36. Rg3 Qc5 37. Bxh7 Qc4+ 0-1

[Event "24th Klatovy A 2016"]
[Site "Klatovy CZE"]
[Date "2016.07.02"]
[Round "1.21"]
[White "Cecil, Pavel"]
[Black "Chalupa, Ivan"]
[Result "0-1"]
[WhiteElo "1929"]
[BlackElo "2175"]
[PlyCount "106"]
[EventDate "2016.07.02"]
[EventType "swiss"]
[EventRounds "9"]
[EventCountry "CZE"]

1. d4 Nf6 2. c4 e6 3. Nf3 c5 4. Nc3 cxd4 5. Nxd4 d6 6. e4 a6 7. f4 Qc7 8. Be2 Be7 9. O-O O-O 10. Kh1 b6 11. Qd3 Bb7 12. Bf3 Nbd7 13. Nb3 Rac8 14. Nd2 Rfd8 15. b3 b5 16. Bb2 Nc5 17. Qe3 b4 18. Ne2 d5 19. cxd5 exd5 20. e5 Nfe4 21. Rac1 Qa5 22. Bg4 Rc7 23. Bd4 Nxd2 24. Qxd2 Bc8 25. f5 Ne4 26. Qb2 Bg5 27. Rxc7 Qxc7 28. g3 Bb7 29. Nf4 Qe7 30. Kg2 a5 31. h4 Bxf4 32. Rxf4 f6 33. exf6 gxf6 34. Bf3 Rc8 35. Bxe4 dxe4 36. Bxf6 Qc5 37. Rg4+ Kf8 38. Bg7+ Ke8 39. Qf6 Qd5 40. Kh3 Rc1 41. Rf4 Kd7 42. Bf8 Kc8 43. Bd6 Qg8 44. Qe6+ Qxe6 45. fxe6 Bc6 46. Rf8+ Kb7 47. Rb8+ Ka7 48. Rc8 e3 49. Bf4 Rh1+ 50. Kg4 e2 51. Bd2 Kb7 52. Rd8 e1=Q 53. Bxe1 Rxe1 0-1

[Event "24th Klatovy A 2016"]
[Site "Klatovy CZE"]
[Date "2016.07.02"]
[Round "1.23"]
[White "Danek, Vaclav"]
[Black "Ratsma, Midas"]
[Result "0-1"]
[WhiteElo "1921"]
[BlackElo "2171"]
[PlyCount "52"]
[EventDate "2016.07.02"]
[EventType "swiss"]
[EventRounds "9"]
[EventCountry "CZE"]

1. e4 e6 2. d3 d5 3. Nd2 Nc6 4. Ngf3 Nf6 5. e5 Nd7 6. d4 f6 7. exf6 Qxf6 8. c3 Bd6 9. Bd3 e5 10. dxe5 Ndxe5 11. Bc2 Bg4 12. O-O Qf4 13. Re1 O-O-O 14. Nf1 Nxf3+ 15. gxf3 Qxf3 16. Qxf3 Bxf3 17. Bg5 Rde8 18. Bf5+ Kb8 19. Bd7 Re4 20. Nd2 Ne5 21. Bf5 Rxe1+ 22. Rxe1 Bh5 23. Re3 Nf7 24. Bh4 Bf4 25. Rd3 Bxd2 26. Rxd2 Ne5 0-1

[Event "24th Klatovy A 2016"]
[Site "Klatovy CZE"]
[Date "2016.07.02"]
[Round "1.24"]
[White "Lacina, Adolf"]
[Black "Ruzicka, Ondrej"]
[Result "1-0"]
[WhiteElo "2167"]
[BlackElo "1863"]
[PlyCount "85"]
[EventDate "2016.07.02"]
[EventType "swiss"]
[EventRounds "9"]
[EventCountry "CZE"]

1. e4 c5 2. Nf3 g6 3. Bc4 Bg7 4. O-O Nc6 5. c3 e5 6. Re1 Nge7 7. Na3 O-O 8. Bb3 d5 9. exd5 Nxd5 10. Nc4 Re8 11. d3 b5 12. Bg5 Qd7 13. Ne3 Nf6 14. Qe2 Bb7 15. Nd2 Na5 16. Bxf6 Bxf6 17. Ne4 Bxe4 18. dxe4 c4 19. Rad1 Qc6 20. Bc2 Rad8 21. Nd5 Kg7 22. g3 Nb7 23. h4 h5 24. Rd2 Rd6 25. Red1 Bd8 26. b4 cxb3 27. axb3 Bb6 28. b4 Rxd5 29. Rxd5 Qxc3 30. Qd3 Qxb4 31. Rxb5 Qe7 32. Rd5 Bd4 33. Qb5 Rc8 34. Rd2 Nc5 35. Kg2 Ne6 36. Rd7 Qc5 37. Qb3 Qc4 38. Qf3 Rf8 39. Bb3 Qc6 40. Re7 a5 41. Bxe6 Qxe6 42. Rxe6 fxe6 43. Qb3 1-0

[Event "24th Klatovy A 2016"]
[Site "Klatovy CZE"]
[Date "2016.07.02"]
[Round "1.25"]
[White "Stinka, Jakub"]
[Black "Filipi, Stepan"]
[Result "0-1"]
[WhiteElo "1916"]
[BlackElo "2164"]
[PlyCount "64"]
[EventDate "2016.07.02"]
[EventType "swiss"]
[EventRounds "9"]
[EventCountry "CZE"]

1. e4 c5 2. Nf3 e6 3. d4 cxd4 4. Nxd4 a6 5. Nc3 Qc7 6. Be3 Bb4 7. Qd2 Nf6 8. f3 d5 9. Bd3 e5 10. Nb3 d4 11. Nxd4 exd4 12. Bxd4 Nc6 13. Be3 Be6 14. O-O Rd8 15. Qf2 Ne5 16. Bb6 Qc6 17. Be2 Rd2 18. Rad1 Bxc3 19. bxc3 Rxe2 20. Qxe2 Qxb6+ 21. Qf2 Qxf2+ 22. Rxf2 Ke7 23. Rfd2 Rc8 24. a4 Rxc3 25. Rb1 Rc7 26. Kf2 Nc4 27. Rdd1 Nd7 28. Rb4 Nc5 29. h3 g5 30. Re1 Na3 31. Re2 Nxc2 32. Rb2 Nd3+ 0-1

[Event "24th Klatovy A 2016"]
[Site "Klatovy CZE"]
[Date "2016.07.02"]
[Round "1.26"]
[White "Kozak, Milos"]
[Black "Kovar, Petr"]
[Result "1-0"]
[WhiteElo "2152"]
[BlackElo "1915"]
[PlyCount "107"]
[EventDate "2016.07.02"]
[EventType "swiss"]
[EventRounds "9"]
[EventCountry "CZE"]

1. d4 d5 2. c4 e6 3. Nf3 Nf6 4. g3 g6 5. Bg2 Bg7 6. O-O O-O 7. Ne5 Nbd7 8. Nxd7 Bxd7 9. Qc2 Bc6 10. Rd1 Qd7 11. cxd5 exd5 12. Nc3 Rfe8 13. Bf4 Rad8 14. Be5 Qe7 15. e3 Ne4 16. Bxg7 Kxg7 17. Nxe4 dxe4 18. Rdc1 Rd7 19. Qc5 Qxc5 20. Rxc5 Rd5 21. Rc2 Re7 22. Rac1 Ra5 23. a3 Kf8 24. Bf1 a6 25. Rc3 Rd5 26. Bxa6 Ke8 27. b4 Kd8 28. Bc4 Rdd7 29. a4 Rd6 30. a5 Bd5 31. Be2 Kc8 32. b5 Kb8 33. Rc5 f6 34. h4 Rf7 35. Kg2 Re7 36. h5 Rf7 37. hxg6 hxg6 38. Rh1 Rd8 39. Ra1 Rd6 40. g4 Rh7 41. Rh1 Rxh1 42. Kxh1 Rd7 43. Kg2 Ka7 44. Kg3 g5 45. f3 exf3 46. Bxf3 Bxf3 47. Kxf3 Re7 48. Rxc7 Rxc7 49. b6+ Kb8 50. bxc7+ Kxc7 51. Ke4 Kc6 52. Kf5 Kb5 53. d5 Kxa5 54. d6 1-0

[Event "24th Klatovy A 2016"]
[Site "Klatovy CZE"]
[Date "2016.07.02"]
[Round "1.27"]
[White "Novak, Jaromir"]
[Black "Kuba, Stanislav"]
[Result "0-1"]
[WhiteElo "1904"]
[BlackElo "2156"]
[PlyCount "98"]
[EventDate "2016.07.02"]
[EventType "swiss"]
[EventRounds "9"]
[EventCountry "CZE"]

1. d4 Nf6 2. Nf3 d5 3. c4 c6 4. e3 e6 5. Nc3 Nbd7 6. Bd3 Be7 7. O-O O-O 8. Qe2 Re8 9. e4 dxc4 10. Bxc4 b5 11. Bb3 b4 12. Na4 Qa5 13. Qc2 Ba6 14. Re1 Rac8 15. Bg5 c5 16. Nxc5 Nxc5 17. dxc5 Rxc5 18. Qd2 Rd8 19. Qe3 Ng4 20. Bxe7 Nxe3 21. Bxd8 Qxd8 22. Rxe3 g6 23. h3 Qc7 24. Ree1 Bc4 25. Bxc4 Rxc4 26. Re2 a5 27. b3 Rc3 28. Ne1 Qe5 29. Rd1 Kg7 30. f3 h5 31. Red2 h4 32. Rd8 Qc5+ 33. Kf1 Re3 34. R8d2 Rc3 35. Rd8 Qb5+ 36. Kf2 a4 37. bxa4 Qxa4 38. R8d2 Ra3 39. Nd3 Rxa2 40. Nxb4 Rxd2+ 41. Rxd2 Qxb4 42. Re2 e5 43. Re3 Kh6 44. Re2 Kg5 45. g3 Qd4+ 46. Kg2 Qd1 47. Rf2 hxg3 48. Kxg3 Qe1 49. Kg2 Kf4 0-1

[Event "24th Klatovy A 2016"]
[Site "Klatovy CZE"]
[Date "2016.07.02"]
[Round "1.28"]
[White "Bartos, Jan"]
[Black "Dungl, Petr"]
[Result "1-0"]
[WhiteElo "2180"]
[BlackElo "1902"]
[PlyCount "89"]
[EventDate "2016.07.02"]
[EventType "swiss"]
[EventRounds "9"]
[EventCountry "CZE"]

1. d4 Nf6 2. c4 e6 3. Nf3 b6 4. g3 Bb7 5. Bg2 Be7 6. O-O O-O 7. Nc3 Ne4 8. Qc2 Nxc3 9. Qxc3 c5 10. Rd1 d6 11. Qc2 Nd7 12. d5 exd5 13. cxd5 b5 14. e4 Nb6 15. Bf4 g5 16. Bc1 Bf6 17. e5 dxe5 18. Qxc5 g4 19. Ne1 a6 20. Bh6 Re8 21. d6 Bxg2 22. Nxg2 Rc8 23. Qa3 Qd7 24. Qxa6 Nc4 25. Rd5 Rb8 26. Be3 Rec8 27. Rc5 Rxc5 28. Bxc5 Nxb2 29. Qa3 Nc4 30. Qb4 Bd8 31. Rd1 Ba5 32. Qb1 Nd2 33. Qd3 Nf3+ 34. Kh1 Qe6 35. Ne3 Rc8 36. Qd5 Qd7 37. Ba3 Bb6 38. Rc1 Rxc1+ 39. Bxc1 Qc8 40. Bb2 Bxe3 41. d7 Qd8 42. fxe3 Kg7 43. Bxe5+ Nxe5 44. Qxe5+ Kg8 45. Qe8+ 1-0